Felolvasó ülés a Dugonics-Társaságban

Elmentve itt :
Bibliográfiai részletek
Szerző: Kiss Ottó Miklós
Dokumentumtípus: Cikk
Megjelent: 1943-02-02
Sorozat:Délmagyarország 19 No. 26
Kulcsszavak:Dugonics Társaság felolvasó ülés 1943
Online Access:http://dmarchiv.bibl.u-szeged.hu/33978
LEADER 00497nab a2200157 i 4500
001 delm33978
005 20180927112914.0
008 180927s1943 hu o 0|| hun d
040 |a SZTE Délmagyarország Archívum  |b hun 
041 |a hun 
100 1 |a Kiss Ottó Miklós 
245 1 0 |a Felolvasó ülés a Dugonics-Társaságban  |h [elektronikus dokumentum] /  |c  Kiss Ottó Miklós 
260 |c 1943-02-02 
300 |a 5 
490 0 |a Délmagyarország  |v 19 No. 26 
695 |a Dugonics Társaság felolvasó ülés 1943